| 000 | 00769nas a2200241 4500 | ||
|---|---|---|---|
| 001 | BR9804329 | ||
| 003 | BR-BrBNA | ||
| 005 | 20231205101049.0 | ||
| 007 | ta | ||
| 008 | 230509b bl.|||p| |||| 00| 00por d | ||
| 040 |
_aBR-BrBNA _bpor _cBiblioteca Nacional de Agricultura |
||
| 041 | _a(Pt) | ||
| 072 | _aM40 | ||
| 100 | 1 | _aCoelho-Santos, M.A. | |
| 100 | 1 | _aCoelho, P.A. | |
| 245 | 1 | _aSazonalidade da ocorrencia de crustaceos decapodos no litoral de Jaboatao dos Guararapes, Pernambuco - Brasil | |
| 650 | _aCrustaceo | ||
| 650 | _aEcologia Animal | ||
| 650 | _aPernambuco | ||
| 773 | 0 |
_tBoletim Tecnico-Cientifico do CEPENE (Brazil) _xISSN 0104-6411 _g(1995), v. 3(1) p. 81-108 _wBR9804329 |
|
| 909 |
_a202311 _bLúcia _c55 _dLúcia Elande |
||
| 942 |
_2AGRIS _n0 _cANA |
||
| 999 |
_c159506 _d159506 |
||